Statistics for World Map Colored as a Flag #3

Click here to take the quiz!

General Stats

  • This quiz has been taken 165 times
  • The average score is 145 of 196

Answers on the Map

Answers color-coded by a green-red scale on the quiz's map according to % correct below.
 

Answer Stats

GroupCountry% Correct
gbUnited States
97%
gbCanada
95%
gbRussia
94%
gbMexico
93%
gbChina
92%
gbIreland
91%
gbMongolia
91%
gbNorway
91%
gbDenmark
90%
gbFinland
90%
gbIceland
90%
gbSweden
90%
gbUnited Kingdom
90%
veBrazil
87%
neFrance
87%
neGermany
85%
afIndia
85%
afJapan
85%
afKazakhstan
85%
veEcuador
84%
veColombia
83%
afNorth Korea
83%
vePeru
83%
afSouth Korea
83%
neSpain
83%
afThailand
83%
neAlgeria
82%
afCambodia
82%
neItaly
82%
afLaos
82%
afMalaysia
82%
afNepal
82%
szSouth Africa
82%
afVietnam
82%
afBangladesh
81%
afBhutan
81%
veBolivia
81%
szDemocratic Republic
of the Congo
81%
afPakistan
81%
nePoland
81%
afSingapore
81%
afTaiwan
81%
afTajikistan
81%
afAfghanistan
80%
bzArgentina
80%
afBrunei
80%
afKyrgyzstan
80%
cyLibya
80%
afMyanmar
80%
neUkraine
80%
bzChile
79%
neCzech Republic
79%
cyEgypt
79%
veGuyana
79%
nePortugal
79%
erRepublic of the Congo
79%
neBelgium
78%
phIndonesia
78%
neIvory Coast
78%
veSuriname
78%
phAustralia
77%
neBelarus
77%
neChad
77%
neNetherlands
77%
neSwitzerland
77%
veVenezuela
77%
neLatvia
76%
neMali
76%
neTunisia
76%
neAndorra
75%
neBurkina Faso
75%
neGhana
75%
cyGreece
75%
neLithuania
75%
neMauritania
75%
neMonaco
75%
neMorocco
75%
bzUruguay
75%
neVatican City
75%
neBenin
74%
neEstonia
74%
neGuinea
74%
neLuxembourg
74%
bzParaguay
74%
neTogo
74%
szAngola
73%
neCape Verde
73%
bzCosta Rica
73%
neGambia
73%
neGuinea-Bissau
73%
neLiberia
73%
szMadagascar
73%
neNiger
73%
neNigeria
73%
bzPanama
73%
neSan Marino
73%
neSenegal
73%
neSierra Leone
73%
bhTurkey
73%
cyAlbania
72%
bzCuba
72%
bzDominican Republic
72%
erEthiopia
72%
cyRomania
72%
bhSaudi Arabia
72%
erSudan
72%
cyAustria
71%
szBotswana
71%
bzHaiti
71%
cyHungary
71%
bhIraq
71%
szLesotho
71%
szMozambique
71%
erSomalia
71%
szZimbabwe
71%
cyBosnia and
Herzegovina
70%
erCameroon
70%
cyCroatia
70%
bzEl Salvador
70%
erGabon
70%
bzGuatemala
70%
bzHonduras
70%
bhIran
70%
cyIsrael
70%
erKenya
70%
szNamibia
70%
phNew Zealand
70%
bzNicaragua
70%
cySerbia
70%
szTanzania
70%
erUganda
70%
szZambia
70%
erCentral African Republic
69%
bzDominica
69%
phFederated States of
Micronesia
69%
phFiji
69%
szMalawi
69%
phPapua New Guinea
69%
cySlovakia
69%
cyBulgaria
68%
szComoros
68%
szEswatini
68%
bzJamaica
68%
phKiribati
68%
cyKosovo
68%
cyLebanon
68%
szMauritius
68%
cyMontenegro
68%
cyNorth Macedonia
68%
phPalau
68%
cySlovenia
68%
erSouth Sudan
68%
phTuvalu
68%
phVanuatu
68%
bzBarbados
67%
cyJordan
67%
cyMoldova
67%
phNauru
67%
bhOman
67%
erSri Lanka
67%
cySyria
67%
phTonga
67%
bzAntigua and Barbuda
66%
bzBahamas
66%
erBurundi
66%
phEast Timor
66%
bzGrenada
66%
cyLiechtenstein
66%
cyMalta
66%
phMarshall Islands
66%
phPhilippines
66%
erRwanda
66%
bzSaint Lucia
66%
phSamoa
66%
phSolomon Islands
66%
bzTrinidad and Tobago
66%
bhYemen
66%
erDjibouti
65%
erEquatorial Guinea
65%
erMaldives
65%
bzSaint Kitts and Nevis
65%
bzSaint Vincent and the
Grenadines
65%
erSeychelles
65%
bzBelize
64%
cyCyprus
64%
erEritrea
64%
erSão Tomé and Príncipe
64%
bhArmenia
63%
bhAzerbaijan
62%
bhGeorgia
60%
bhQatar
60%
bhUnited Arab Emirates
60%
bhTurkmenistan
58%
bhUzbekistan
58%
bhKuwait
57%
bhBahrain
54%

Score Distribution

Percentile by Number Answered

Percent of People with Each Score

Your Score History

You have not taken this quiz